| 000 | 01007cab a2200313 4500 | ||
|---|---|---|---|
| 001 | WB3111-37 | ||
| 008 | 090401t1995 xxu||||| |||| 00| 0 eng d | ||
| 035 | _a(Sirsi) u29296 | ||
| 041 | _aeng | ||
| 245 | _aChina to limit investment incentives | ||
| 260 | _c1995 | ||
| 350 | _a0 | ||
| 490 |
_aFinancial Times _v17 March 1995, 5(1) |
||
| 520 | _aChina plans to phase out preferential tax policies for some categories of foreign investment under new guidelines aimed at directing funds to needy areas. | ||
| 650 | _aPROPERTY-RURAL AND NATURAL ASSETS-AGRICULTURAL PROPERTY-AGRICULTURAL LAND | ||
| 650 | _aBEIJING | ||
| 650 | _aCHINA | ||
| 650 | _aFOREIGN DIRECT INVESTMENT | ||
| 650 | _aFOREIGN INVESTMENT | ||
| 650 | _aHINTERLAND | ||
| 650 | _aINCENTIVES | ||
| 650 |
_aInfrastructure _96246 |
||
| 650 | _aPREFERENTIAL TAXATION | ||
| 650 | _aRETAIL | ||
| 690 | _aPROPERTY-PROPERTY FINANCE AND INVESTMENT | ||
| 690 | _aOVERSEAS-REST OF THE WORLD | ||
| 942 | _n0 | ||
| 948 | _c04/03/1997 | ||
| 999 |
_c19730 _d19730 |
||